00351nam a2200133 a 450000500170000000800410001702000160005805000250007410000190009924500390011826000270015730000210018465000120020520140310183148.0020826s19uu xx 00 eng d a71831006998 aPS 3569b.Sa194 1992 aSandford, John aThe empress file /cJohn Sandford. aUSA :bBerkley,c1992. a356 p. :c18 cm. aFiction